000 00392 a2200109 4500
001 ART_30459
005 20260410162004.0
008 260409a
245 1 0 _aPuntos de partida para un plan estratégico de la Secretaría de la gestión pública de la provincia de San Juan
100 1 _aCao, Horacio
773 0 _tBoletín Informativo ASAP
_g- Nº 43 (oct. 2009)
_wREV30391
999 _c31545
_d31545